Rodolfo Paz Ossorio: una vida construyendo futuro
Salvato in:
| Autori principali: | , |
|---|---|
| Natura: | Libro |
| Lingua: | spagnolo |
| Pubblicazione: |
Concepción
Corporación Educacional Masónica de Concepción
2010
|
| Edizione: | 1a. ed |
| Soggetti: | |
| Tags: |
Aggiungi Tag
Nessun Tag, puoi essere il primo ad aggiungerne!!
|
MARC
| LEADER | 00000cam a2200000 a 4500 | ||
|---|---|---|---|
| 001 | UCG8778 | ||
| 003 | CL-VaPUC | ||
| 008 | 111229e20101200CL |||||||||||||||||spa|d | ||
| 020 | |a 9789568404017 | ||
| 082 | 0 | 4 | |a 923.7 |b MUÑ |2 21 |
| 100 | |a Muñoz Labraña, Carlos E. |e autor |9 603442 | ||
| 700 | 0 | |a Reyes Poblete, Jorge Andrés |e author |9 559946 | |
| 245 | 1 | 0 | |a Rodolfo Paz Ossorio: una vida construyendo futuro |
| 250 | |a 1a. ed | ||
| 300 | |a 70 p | ||
| 942 | |c BK | ||
| 945 | |d 20111229 00:00:00 |a dcastane | ||
| 260 | |a Concepción |b Corporación Educacional Masónica de Concepción |c 2010 | ||
| 650 | 0 | |a Biografías |9 255210 | |
| 650 | 0 | |a Masones |9 526932 | |
| 583 | |a last modification |c 20130725 07:32:13 |k Rodrigo Vera | ||
| 999 | |c 346376 |d 346374 | ||
| 952 | |0 0 |1 0 |4 0 |6 923_700000000000000_MUÑ_2010 |7 0 |8 A |9 447053 |a BIBHIS |b BIBHIS |d 2019-11-22 |i 4819403 |o 923.7 MUÑ 2010 |p 4819403 |r 2025-01-20 |w 2019-11-22 |y BK |k HIS | ||